[Event "Moscow Itkin Memorial"]
[Site "Moscow"]
[Date "2012.08.30"]
[Round "9"]
[White "Budueva, Kristina"]
[Black "Samokhvalov, Viktor"]
[Result "1-0"]
[WhiteElo "1952"]
[BlackElo "1734"]
[PlyCount "111"]
[EventDate "2012.08.12"]
[EventType "swiss"]
[EventRounds "9"]
[EventCountry "RUS"]
[SourceTitle "EXT 2022"]
[Source "ChessBase"]
[SourceDate "2021.10.06"]
[SourceVersion "1"]
[SourceVersionDate "2021.10.06"]
[SourceQuality "1"]

1. e4 e5 2. Nf3 Nc6 3. Bb5 a6 4. Ba4 Nf6 5. d3 d6 6. c3 g6 7. Nbd2 Bg7 8. Nf1 0-0 9. Bg5 b5 10. Bb3 Na5 11. Bc2 Re8 12. Ne3 h6 13. Bh4 g5 14. Bg3 c5 15. 0-0 Nc6 16. a4 Rb8 17. axb5 axb5 18. Qe2 d5 19. h4 g4 20. Nh2 h5 21. f3 gxf3 22. Qxf3 Be6 23. Nf5 dxe4 24. dxe4 Bxf5 25. Qxf5 Qd2 26. Rf2 Qe3 27. Nf1 Qh6 28. Ra6 Re6 29. Ra1 Rd8 30. Qf3 Qg6 31. Ne3 Red6 32. Nf5 Rd2 33. Ra6 Rxf2 34. Bxf2 Bf8 35. Rxc6 Rd2 36. Ne3 Bg7 37. Be1 Rd7 38. Rc8+ Bf8 39. Qg3 Ng4 40. Nxg4 hxg4 41. Qxe5 Re7 42. Qg5 Kg7 43. Qxg6+ fxg6 44. Bf2 Re5 45. Bg3 Re6 46. Kf1 Be7 47. Rc7 Kh6 48. Rb7 b4 49. cxb4 cxb4 50. Be1 Bd6 51. Bxb4 Bg3 52. Bd1 Bf4 53. Ke2 Ra6 54. Kd3 Ra2 55. Rf7 Be5 56. Bd2+ 1-0

[Event "Moscow Itkin Memorial"]
[Site "Moscow"]
[Date "2012.08.16"]
[Round "3"]
[White "Krylov, Sergey V"]
[Black "Samokhvalov, Viktor"]
[Result "0-1"]
[WhiteElo "1487"]
[BlackElo "1734"]
[PlyCount "76"]
[EventDate "2012.08.12"]
[EventType "swiss"]
[EventRounds "9"]
[EventCountry "RUS"]
[SourceTitle "EXT 2022"]
[Source "ChessBase"]
[SourceDate "2021.10.06"]
[SourceVersion "1"]
[SourceVersionDate "2021.10.06"]
[SourceQuality "1"]

1. Nf3 Nf6 2. g3 g6 3. Bg2 Bg7 4. 0-0 d5 5. d3 0-0 6. c4 c6 7. cxd5 cxd5 8. Nc3 Nc6 9. a3 e5 10. e3 Re8 11. Qc2 a5 12. b3 Be6 13. Bb2 Rc8 14. Rac1 h6 15. Qb1 Qd7 16. Qa1 Bh3 17. Na4 Bxg2 18. Kxg2 Qf5 19. Nxe5 Nxe5 20. Rxc8 Rxc8 21. Bxe5 Re8 22. Bd4 Rc8 23. Nc5 b6 24. Nd7 Nxd7 25. Bxg7 Kh7 26. Bd4 Qxd3 27. Qb1 Qe2 28. Re1 Qg4 29. Rc1 Rxc1 30. Qxc1 Qe4+ 31. Kg1 h5 32. Qc7 Qe6 33. Qd8 f6 34. Qc8 Kh6 35. Qh8+ Kg5 36. Kg2 Ne5 37. Bxe5 fxe5 38. Qd8+ Kg4 0-1